[Event "Madrid Alcorcon op 1st"]
[Site "Madrid"]
[Date "2022.12.29"]
[Round "7"]
[White "Gonzalez Arganda, Ernesto"]
[Black "Tendero Martinez, Carlos"]
[Result "0-1"]
[WhiteElo "1134"]
[BlackElo "1631"]
[PlyCount "148"]
[EventDate "2022.12.26"]
[EventType "swiss"]
[EventRounds "9"]
[EventCountry "ESP"]
[SourceTitle "CBM 212 Extra"]
[Source "ChessBase"]
[SourceDate "2023.03.31"]
[SourceVersion "1"]
[SourceVersionDate "2023.03.31"]
[SourceQuality "1"]

1. d4 d5 2. Nf3 e6 3. e3 c5 4. c3 Nc6 5. Bd3 Be7 6. Nbd2 Nf6 7. Qe2 0-0 8. 0-0 c4 9. Bc2 b5 10. e4 h6 11. e5 Nh7 12. Re1 a5 13. Nf1 Bg5 14. Nxg5 Nxg5 15. Qg4 f5 16. Qf4 Ra7 17. Re3 Ne7 18. Rg3 Kh8 19. Rxg5 hxg5 20. Qxg5 Qe8 21. Bd2 Qg6 22. Qh4+ Qh7 23. Qf4 Kg8 24. Re1 Kf7 25. Re3 Qh6 26. Qg3 Qg6 27. Qh4 Qh6 28. Qg3 g5 29. f4 gxf4 30. Qf3 fxe3 31. Bxe3 Qg6 32. Qh3 Rg8 33. g3 Rg7 34. Bd1 Rh7 35. Qg2 Ke8 36. Bf4 Ng8 37. Bc2 Rag7 38. Bd1 Kd8 39. Be2 Qf7 40. Bd1 Ne7 41. Qf3 Bd7 42. Bc2 Be8 43. Qg2 Ng6 44. Qf2 Nxf4 45. Qxf4 Qh5 46. Qf2 Bg6 47. Ne3 Rh8 48. Bd1 Qg5 49. Be2 Rf8 50. h4 Qh6 51. Ng4 Qc1+ 52. Kg2 Ke7 53. Nf6 Qxb2 54. Qf3 f4 55. h5 Be4 56. Nxe4 dxe4 57. Qxe4 Qxe2+ 58. Qxe2 f3+ 59. Qxf3 Rxf3 60. Kxf3 b4 61. cxb4 axb4 62. h6 Rh7 63. Ke3 Rxh6 64. Ke4 c3 65. a4 bxa3 66. d5 a2 67. d6+ Kd7 68. g4 a1Q 69. g5 Rh4+ 70. Kd3 Qd1+ 71. Ke3 Qg4 72. Kf2 Rh3 73. Kf1 Rh2 74. Ke1 Qe2# 0-1

[Event "Madrid Alcorcon op 1st"]
[Site "Madrid"]
[Date "2022.12.26"]
[Round "1"]
[White "Martin Duque, Jesus"]
[Black "Tendero Martinez, Carlos"]
[Result "1-0"]
[WhiteElo "2379"]
[BlackElo "1631"]
[PlyCount "80"]
[EventDate "2022.12.26"]
[EventType "swiss"]
[EventRounds "9"]
[EventCountry "ESP"]
[SourceTitle "CBM 212 Extra"]
[Source "ChessBase"]
[SourceDate "2023.03.31"]
[SourceVersion "1"]
[SourceVersionDate "2023.03.31"]
[SourceQuality "1"]

1. Nf3 d5 2. b3 Nf6 3. Bb2 c5 4. e3 Nc6 5. Bb5 Bd7 6. c4 e6 7. 0-0 a6 8. Bxc6 Bxc6 9. Ne5 Rc8 10. Nc3 Bd6 11. Nxc6 Rxc6 12. Qf3 0-0 13. cxd5 exd5 14. Ne2 Qc7 15. g3 Be5 16. d4 cxd4 17. Nxd4 Bxd4 18. Bxd4 Ne4 19. Qg4 f5 20. Qd1 Qd7 21. f3 Nc3 22. Qd3 Nb5 23. Bb2 Qe6 24. a4 Nd6 25. Rad1 Re8 26. Rfe1 Nf7 27. Re2 Rd8 28. Qd4 Qg6 29. Rg2 Ng5 30. Rf1 Rd7 31. h4 Ne6 32. Qe5 h5 33. Rd1 Nc7 34. Kh2 Qe6 35. Qf4 Ne8 36. Rgd2 Nf6 37. Bd4 Kh7 38. Kg1 b5 39. axb5 axb5 40. Qg5 g6 1-0